书目信息 |
| 题名: |
中草药家庭治疗
|
|
| 作者: | ||
| 分册: | ||
| 出版信息: | 上海 上海远东出版社 2000 |
|
| 页数: | 212页 | |
| 开本: | 20cm | |
| 丛书名: | ||
| 单 册: | ||
| 中图分类: | R243 | |
| 科图分类: | ||
| 主题词: | 中医学:临床医学 | |
| 电子资源: | ||
| ISBN: | 7-80661-225-4 | |
| 000 | 00500nam0 2200193 450 | |
| 001 | 1533767027 | |
| 005 | 20150201211437.98 | |
| 010 | @a7-80661-225-4@dCNY8.00 | |
| 100 | @a20150131d2000 km y0chiy0120 ea | |
| 101 | 0 | @achi |
| 102 | @aCN@b310000 | |
| 200 | 1 | @a中草药家庭治疗@e心血管病 |
| 210 | @a上海@c上海远东出版社@d2000 | |
| 215 | @a212页@d20cm | |
| 517 | 1 | @a心血管病@Axin xue guan bing |
| 606 | 0 | @a中医学:临床医学 |
| 690 | @aR243@v4 | |
| 801 | 0 | @aCN@bTSSF@c20150201 |
| 905 | @aZUCC@dR243@eJY171 | |
| 中草药家庭治疗:心血管病.-上海:上海远东出版社,2000 |
| 212页;20cm |
| ISBN 7-80661-225-4:CNY8.00 |
| ● |
| 相关链接 |
|
|
|
|
正题名:中草药家庭治疗
索取号:R243/JY171
 
预约/预借
| 序号 | 登录号 | 条形码 | 馆藏地/架位号 | 状态 | 备注 |
| 1 | 7863101 | 278631018 | 学院路分馆/ [索取号:R243/JY171] | 在馆 | |
| 2 | 7863102 | 278631027 | 学院路分馆/ [索取号:R243/JY171] | 在馆 | |
| 3 | 7863103 | 278631036 | 学院路分馆/ [索取号:R243/JY171] | 在馆 | |
| 4 | 7863104 | 278631045 | 学院路分馆/ [索取号:R243/JY171] | 在馆 |